| 000 | 00903nam a2200241 i 4500 | ||
|---|---|---|---|
| 001 | 16994 | ||
| 003 | ES-MaACL | ||
| 005 | 20250704062539.0 | ||
| 007 | t| | ||
| 008 | 001129s1998 sp ao |||| | spa d | ||
| 080 | _a914.602.7 M.(084.12) | ||
| 100 | 1 |
_aSuárez Rodríguez, Leonor. _9108656 |
|
| 245 | 1 | 0 |
_aMadrid ayer y hoy / _c[coordinación y redacción, Leonor Suárez Rodríguez ; director de la obra, Javier Carrión García]. |
| 260 |
_a[Madrid] : _bPrensa Española, _c[1998] |
||
| 300 |
_a432 p. : _bil. col. y n., fot. ; _c29 cm. |
||
| 505 | 8 | _aContiene: Ateneo Científico, Literario y Artístico de Madrid, p. 242-244 | |
| 594 | _aEn port.: Blanco y negro, ABC, Canal de Isabel II. | ||
| 610 | 2 | 4 |
_aAteneo de Madrid- _vHistoria _91925 |
| 651 | 4 |
_aMadrid- _vObras ilustradas. _98976 |
|
| 700 | 1 |
_aCarrión García, Javier. _935809 |
|
| 852 | 4 |
_aES-MaACL _jG-2219 |
|
| 999 |
_c16994 _d16994 |
||